| 000 | 00558nam a2200145Ia 4500 | ||
|---|---|---|---|
| 008 | 170221s9999 xx 000 0 und d | ||
| 100 | _aRosman Mohammed Yusoff | ||
| 245 | _aAssessing Livelihood among Entrepreneurs in Sindh Pakistan: Construct Development and Measurement | ||
| 245 | _cRosman Mohammed Yusoff, Abdul Ghafoor Kazi, Muhammad Muddassar Khan | ||
| 260 | _bInternational Review of Management and Marketing | ||
| 260 | _cMay 2015 | ||
| 300 | _a4:2 | ||
| 650 | _xMarketing. | ||
| 856 | _uhttp://www.econjournals.com/index.php/irmm/issue/view/77 | ||
| 999 |
_c310018 _d310018 |
||